Strengthening the spiritual life. (Record no. 12597)

000 -LEADER
fixed length control field 00572nam a2200193 a 4500
001 - CONTROL NUMBER
control field :::00010405$&:&@@
003 - CONTROL NUMBER IDENTIFIER
control field OkBaRHE
005 - DATE AND TIME OF LATEST TRANSACTION
control field 20000607103358.0
008 - FIXED-LENGTH DATA ELEMENTS--GENERAL INFORMATION
fixed length control field s1951 j 000 0 eng u
040 ## - CATALOGING SOURCE
Transcribing agency
100 1# - MAIN ENTRY--PERSONAL NAME
Personal name Ferre, Nels Fredrick Solomon, 1908-
245 10 - TITLE STATEMENT
Title Strengthening the spiritual life.
250 ## - EDITION STATEMENT
Edition statement [1st ed.]
260 ## - PUBLICATION, DISTRIBUTION, ETC. (IMPRINT)
Place of publication, distribution, etc New York, NY., :
Name of publisher, distributor, etc Harper
Date of publication, distribution, etc 1951
300 ## - PHYSICAL DESCRIPTION
Extent 63 p. ;
Dimensions 20 cm.
650 ## - SUBJECT ADDED ENTRY--TOPICAL TERM
Topical term or geographic name as entry element Spiritual Life
942 ## - ADDED ENTRY ELEMENTS (KOHA)
Source of classification or shelving scheme
Koha item type Books
Copies
Date last seen Full call number Withdrawn status Copy number Koha item type Barcode Permanent Location Not for loan Date acquired Shelving location Damaged status Price effective from Source of classification or shelving scheme Lost status
2010-04-14BV 4501 .F38 1Books10405RHEMA Bible Training College 2010-04-14General Stacks 2010-04-14